Öffentliches Recht / 2007 Öffentliches Recht

Gespeichert in:  
Bibliographische Detailangaben
Medienart: Druck Buch
Sprache:Deutsch
Veröffentlicht: Baden-Baden Nomos 2007
In: Öffentliches Recht Stand ...
Jahr: 2007
Ausgabe:16. Aufl., Stand: 10. August 2007
Bestand in Tübingen:In Tübingen vorhanden.
IFK: G IV 36
Verfügbarkeit prüfen: HBZ Gateway
Subito Bestelldienst: Jetzt bestellen.
Schlagwörter:

MARC

LEADER 00000cam a2200000 cc4500
001 1342586867
003 DE-627
005 20220613105816.0
007 tu
008 070928s2007 gw ||||| 00| ||ger c
015 |a 07,N37,0437  |2 dnb 
016 7 |a 985374527  |2 DE-101 
020 |a 9783832928193  |c Pb. : EUR 16.90  |9 978-3-8329-2819-3 
020 |a 3832928197  |c Pb. : EUR 16.90  |9 3-8329-2819-7 
024 3 |a 9783832928193 
035 |a (DE-627)1342586867 
035 |a (DE-576)272586862 
035 |a (DE-599)DNB985374527 
040 |a DE-627  |b ger  |c DE-627  |e rakwb 
041 |a ger 
044 |c XA-DE-BW 
082 0 4 |a 340 
084 |a PL 203  |2 rvk  |0 (DE-625)rvk/136926: 
084 |a PC 2900  |2 rvk  |0 (DE-625)rvk/135067: 
084 |a PN 203  |2 rvk  |0 (DE-625)rvk/137287: 
245 0 0 |a Öffentliches Recht  |n 2007  |p Öffentliches Recht 
250 |a 16. Aufl., Stand: 10. August 2007 
263 |a Erscheint: 18. September 2007 
264 1 |a Baden-Baden  |b Nomos  |c 2007 
300 |a 1462 S.  |c 210 mm x 146 mm 
336 |a Text  |b txt  |2 rdacontent 
337 |a ohne Hilfsmittel zu benutzen  |b n  |2 rdamedia 
338 |a Band  |b nc  |2 rdacarrier 
490 0 |a NomosGesetze 
655 7 |a Quelle  |0 (DE-588)4135952-5  |0 (DE-627)105661236  |0 (DE-576)209665084  |2 gnd-content 
689 0 0 |d g  |0 (DE-588)4011882-4  |0 (DE-627)104704861  |0 (DE-576)208896155  |a Deutschland  |2 gnd 
689 0 1 |d s  |0 (DE-588)4043181-2  |0 (DE-627)106210890  |0 (DE-576)209054565  |a Öffentliches Recht  |2 gnd 
689 0 |5 (DE-627) 
773 1 8 |a Öffentliches Recht Stand ...  |w (DE-627)19107991X  |w (DE-576)049970275  |w (DE-600)1294494-4  |g 2007  |q 2007,2007  |7 nnas 
935 |h SWB  |i vSatz 
936 r v |a PL 203  |b Texte, Materialien  |k Rechtswissenschaft  |k Staatsrecht und Verfassungsgeschichte  |k Allgemeines  |k Texte, Materialien  |0 (DE-627)1271266784  |0 (DE-625)rvk/136926:  |0 (DE-576)201266784 
936 r v |a PC 2900  |b Allgemeine juristische Serien  |k Rechtswissenschaft  |k Allgemeines zum juristischen Studium und zur Rechtswissenschaft  |k Gesamtdarstellungen, Querschnittsfragen  |k Allgemeine juristische Serien  |0 (DE-627)1270714155  |0 (DE-625)rvk/135067:  |0 (DE-576)200714155 
936 r v |a PN 203  |b Texte und Materialien  |k Rechtswissenschaft  |k Verwaltungswissenschaften und Verwaltungsrecht  |k Allgemeines und Verwaltungsgeschichte  |k Texte und Materialien  |0 (DE-627)127129866X  |0 (DE-625)rvk/137287:  |0 (DE-576)20129866X 
951 |a JV 
ELC |b 1 
LOK |0 000 xxxxxcx a22 zn 4500 
LOK |0 001 2593513454 
LOK |0 003 DE-627 
LOK |0 004 1342586867 
LOK |0 005 20090227091801 
LOK |0 008 090226||||||||||||||||ger||||||| 
LOK |0 040   |a DE-21-110  |c DE-627  |d DE-21-110 
LOK |0 541   |e 09/43 
LOK |0 689   |a s  |a Öffentliches Recht 
LOK |0 689   |a s  |a Gesetzestexte 
LOK |0 852   |a DE-21-110 
LOK |0 852 1  |c G IV 36  |m p  |9 00 
LOK |0 935   |a i110 
LOK |0 936ln  |a 4.9 
LOK |0 938   |a 0902 
LOK |0 938   |k p 
LOK |0 939   |a 26-02-09  |b l01 
ORI |a SA-MARC-krimdoka001.raw 
SIG |a IFK: G IV 36 
TIM |a 100019901003_100020261231  |b 1990-10-03 - 2026